<?xml version="1.0" encoding="UTF-8"?>
<record
    xmlns:xsi="http://www.w3.org/2001/XMLSchema-instance"
    xsi:schemaLocation="http://www.loc.gov/MARC21/slim http://www.loc.gov/standards/marcxml/schema/MARC21slim.xsd"
    xmlns="http://www.loc.gov/MARC21/slim">

  <leader>00295nam a2200121Ia 4500</leader>
  <controlfield tag="008">230627s9999    xx            000 0 und d</controlfield>
  <datafield tag="041" ind1=" " ind2=" ">
    <subfield code="a">mar</subfield>
  </datafield>
  <datafield tag="082" ind1=" " ind2=" ">
    <subfield code="a">342.54</subfield>
    <subfield code="b">SIN</subfield>
  </datafield>
  <datafield tag="100" ind1=" " ind2=" ">
    <subfield code="a">Singhvi L.M.</subfield>
  </datafield>
  <datafield tag="245" ind1=" " ind2=" ">
    <subfield code="a">Constitutionl Of India Vol-i</subfield>
  </datafield>
  <datafield tag="260" ind1=" " ind2=" ">
    <subfield code="b">Wadhwa And Company</subfield>
    <subfield code="c">2009</subfield>
  </datafield>
  <datafield tag="300" ind1=" " ind2=" ">
    <subfield code="a">1910p</subfield>
  </datafield>
  <datafield tag="999" ind1=" " ind2=" ">
    <subfield code="c">688744</subfield>
    <subfield code="d">688744</subfield>
  </datafield>
  <datafield tag="952" ind1=" " ind2=" ">
    <subfield code="0">0</subfield>
    <subfield code="1">0</subfield>
    <subfield code="4">0</subfield>
    <subfield code="7">0</subfield>
    <subfield code="8">LLB</subfield>
    <subfield code="a">NLP</subfield>
    <subfield code="b">NLP</subfield>
    <subfield code="c">NLP-50</subfield>
    <subfield code="d">2007-03-31</subfield>
    <subfield code="g">1300.00</subfield>
    <subfield code="l">0</subfield>
    <subfield code="o">342.54 SIN</subfield>
    <subfield code="p">NLP-N09747</subfield>
    <subfield code="r">2023-07-17 00:00:00</subfield>
    <subfield code="w">2023-07-17</subfield>
    <subfield code="y">BK</subfield>
  </datafield>
</record>
